[Event "Titled Tue 26th Aug Late"]
[Site "chess.com INT"]
[Date "2025.08.26"]
[Round "6"]
[White "Caruana, Fabiano"]
[Black "Erigaisi, Arjun"]
[Result "0-1"]
[WhiteTitle "GM"]
[BlackTitle "GM"]
[WhiteElo "2784"]
[BlackElo "2776"]
[WhiteFideId "2020009"]
[BlackFideId "35009192"]
[EventDate "2025.08.26"]

1. e4 e5 2. Nf3 Nc6 3. Nc3 Nf6 4. h3 a6 5. d4 exd4 6. Nxd4 Bb4 7. Nxc6 bxc6 8.
Bd3 O-O 9. O-O Re8 10. Qf3 h6 11. Bf4 d6 12. Na4 Nd7 13. c3 Bc5 14. Nxc5 Nxc5
15. Bc2 Qf6 16. Rfe1 Bd7 17. Qg3 Ne6 18. Be3 Rab8 19. Bb3 c5 20. Rad1 Bc6 21.
Bc1 Nf8 22. f3 a5 23. Bd5 Bxd5 24. Rxd5 Qe6 25. c4 a4 26. Bd2 Kh7 27. Bc3 f6 28.
Qf2 Nd7 29. Qc2 Kg8 30. b3 Ra8 31. Rdd1 Reb8 32. f4 axb3 33. axb3 Ra3 34. Rb1
Rb6 35. Re3 Qe8 36. Bb2 Ra8 37. Rbe1 Qg6 38. Qd1 Rab8 39. e5 fxe5 40. fxe5 Nxe5
41. Bxe5 dxe5 42. Qd5+ Qf7 43. Qxe5 Rxb3 44. Qxc5 Rxe3 45. Rxe3 Rb1+ 46. Kh2
Qf4+ 47. Rg3 Rb3 48. Qd5+ Kh7 0-1

[Event "Titled Tue 26th Aug Late"]
[Site "chess.com INT"]
[Date "2025.08.26"]
[Round "6"]
[White "Sindarov, Javokhir"]
[Black "Tarhan, Adar"]
[Result "1-0"]
[WhiteTitle "GM"]
[BlackTitle "IM"]
[WhiteElo "2722"]
[BlackElo "2474"]
[WhiteFideId "14205483"]
[BlackFideId "34544712"]
[EventDate "2025.08.26"]

1. e4 e5 2. Nf3 Nc6 3. Bb5 Nf6 4. O-O Nxe4 5. d4 Nd6 6. Ba4 exd4 7. c3 Be7 8.
cxd4 O-O 9. Nc3 b5 10. Bb3 Na5 11. Bc2 Bb7 12. Re1 Re8 13. Bf4 b4 14. Na4 Bf6
15. Ne5 g6 16. Nc5 Nc6 17. Bb3 Bc8 18. Qf3 Rb8 19. Rad1 Kg7 20. h4 h5 21. Bc2
Ne7 22. Bh6+ Kxh6 23. Qxf6 Nef5 24. Qxd8 Rxd8 25. Bxf5 gxf5 26. Ned3 Kg7 27. Nf4
Bb7 28. Nxh5+ Kh6 29. Nf4 Bc6 30. Re7 Rg8 31. d5 Bb5 32. Nxd7 Rbe8 33. Rxe8 Nxe8
34. Ne5 Nd6 35. Rc1 Rc8 36. b3 Kg7 37. Nf3 Kf6 38. Nd4 Bd7 39. Nd3 Ne4 40. Nxb4
a5 41. Nbc6 Rg8 42. Nxa5 Nd6 43. Rxc7 Be8 44. Nc4 Ne4 45. a4 Nc3 46. d6 Nd5 47.
Rc8 Nf4 48. g3 Ne2+ 49. Nxe2 1-0

[Event "Titled Tue 26th Aug Late"]
[Site "chess.com INT"]
[Date "2025.08.26"]
[Round "6"]
[White "Krzywda, Andrzej"]
[Black "Chelly, Yahya"]
[Result "1-0"]
[WhiteTitle "CM"]
[BlackTitle "CM"]
[WhiteElo "2149"]
[BlackElo "1949"]
[WhiteFideId "1114565"]
[BlackFideId "5516200"]
[EventDate "2025.08.26"]

1. e4 c5 2. Nf3 d6 3. Bb5+ Bd7 4. Bxd7+ Qxd7 5. O-O g6 6. c3 Bg7 7. d4 cxd4 8.
cxd4 e6 9. Qe2 Ne7 10. Nc3 O-O 11. Rd1 Nbc6 12. Bf4 a6 13. Rac1 Rfe8 14. h4 h5
15. Bg5 Rac8 16. g3 Qc7 17. Kg2 Qb6 18. Be3 d5 19. e5 Nf5 20. b3 Rc7 21. Na4 Qa5
22. Rc5 Ncxd4 23. Nxd4 Rxc5 24. Nxf5 Rc6 25. Nxg7 Kxg7 26. Qf3 Qd8 27. Bg5 Qd7
28. Rd4 Rc2 29. Rf4 b5 30. Nc3 Rc8 31. Ne2 Rxa2 32. Nd4 Ra1 33. Bf6+ Kh7 34. g4
Rcc1 35. Ne2 hxg4 36. Qxg4 Rh1 37. Rf3 d4 38. Bg5 Kg8 39. Rd3 Qd5+ 40. f3 Rhf1
41. Bf6 Ra2 42. Kxf1 Ra1+ 43. Kf2 b4 44. Qg5 a5 45. Qh6 Rf1+ 46. Kxf1 Qxf3+ 47.
Rxf3 1-0

[Event "Titled Tue 26th Aug Late"]
[Site "chess.com INT"]
[Date "2025.08.26"]
[Round "6"]
[White "Tica, Sven"]
[Black "Svane, Rasmus"]
[Result "1/2-1/2"]
[WhiteTitle "IM"]
[BlackTitle "GM"]
[WhiteElo "2442"]
[BlackElo "2619"]
[WhiteFideId "14526948"]
[BlackFideId "4657101"]
[EventDate "2025.08.26"]

1. Nf3 d5 2. g3 Nd7 3. Bg2 e5 4. O-O Ngf6 5. d3 Bd6 6. Nc3 O-O 7. Nb5 Be7 8. c4
c6 9. Nc3 h6 10. cxd5 cxd5 11. d4 e4 12. Ne5 Bd6 13. Bf4 Qe7 14. Qb3 Nxe5 15.
dxe5 Bxe5 16. Nxd5 Nxd5 17. Qxd5 Bxf4 18. gxf4 e3 19. Qf3 exf2+ 20. Qxf2 Bf5 21.
Rfd1 Be4 22. Qe3 Rfe8 23. Rd2 Bxg2 24. Qxe7 Rxe7 25. Kxg2 Rae8 26. Kf3 Re3+ 27.
Kf2 R3e4 28. Kf3 g5 29. fxg5 hxg5 30. Rc1 R8e7 31. Rc5 Rf4+ 32. Kg2 f6 33. Rcd5
Rg4+ 34. Kf3 Rf4+ 35. Kg2 Kf7 36. R5d3 Rfe4 37. Kf2 Kg6 38. Rc2 Rf4+ 39. Kg2 Ra4
40. a3 Rg4+ 41. Kf2 Rh4 42. h3 Rf4+ 43. Kg2 Rfe4 44. Kf2 a6 45. Rf3 R4e6 46. Rd2
Rc6 47. Kg3 Re5 48. h4 gxh4+ 49. Kxh4 Rce6 50. Rg3+ Kh6 51. Rg2 Re3 52. Kg4 R6e5
53. Kf4 R3e4+ 54. Kf3 Re6 55. Rd8 Re3+ 56. Kf4 R3e4+ 57. Kf3 Re3+ 58. Kf4 R3e4+
59. Kf3 1/2-1/2

[Event "Titled Tue 26th Aug Late"]
[Site "chess.com INT"]
[Date "2025.08.26"]
[Round "6"]
[White "Yagiz, Yasin Emrah"]
[Black "Vazelakis, Dimitrios"]
[Result "1-0"]
[WhiteTitle "FM"]
[WhiteElo "2107"]
[BlackElo "1858"]
[WhiteFideId "6303684"]
[BlackFideId "4203674"]
[EventDate "2025.08.26"]

1. Nf3 Nf6 2. c4 d6 3. g3 e5 4. d3 Be7 5. Bg2 c6 6. O-O O-O 7. Nc3 Nbd7 8. Bd2
d5 9. cxd5 cxd5 10. Rc1 a6 11. d4 e4 12. Ne5 Nxe5 13. dxe5 Ng4 14. Bf4 e3 15.
Nxd5 exf2+ 16. Kh1 Bg5 17. h3 Bxf4 18. gxf4 Ne3 19. Nxe3 Qh4 20. Rxc8 Raxc8 21.
Qd4 Rcd8 22. Nd5 Kh8 23. Qxf2 Qxf2 24. Rxf2 Rc8 25. Nc3 b5 26. Bb7 Rb8 27. Bxa6
b4 28. Ne4 Rb6 29. Bc4 Rc8 30. Bxf7 Rc2 31. e6 Rb7 32. Nd6 Re7 33. Nf5 Rec7 34.
Kg2 Rxb2 35. e7 Rxe7 36. Nxe7 g6 37. Bb3 Kg7 38. f5 Kf6 39. fxg6+ Kg7 40. Rf7+
Kh6 41. Rxh7+ Kg5 42. g7 Rxe2+ 43. Kf3 Rxe7 44. g8=Q+ Kf6 45. Rh6+ Ke5 46. Qg4
Rh7 47. Qg5+ Kd4 48. Qd5+ Kc3 49. Rc6+ Kb2 50. Rc2+ Ka1 51. Qd1# 1-0

[Event "Titled Tue 26th Aug Late"]
[Site "chess.com INT"]
[Date "2025.08.26"]
[Round "6"]
[White "Malassagne, Isabelle"]
[Black "Clawitter, Craig"]
[Result "1-0"]
[WhiteTitle "WFM"]
[WhiteElo "2134"]
[BlackElo "2050"]
[WhiteFideId "20670265"]
[BlackFideId "2023105"]
[EventDate "2025.08.26"]

1. d4 e6 2. c4 Nf6 3. g3 d5 4. Bg2 Be7 5. Nf3 O-O 6. O-O dxc4 7. Na3 c5 8. Nxc4
Nc6 9. dxc5 Bxc5 10. Bf4 Nd5 11. Bg5 Be7 12. Bxe7 Qxe7 13. a3 Rd8 14. Qc2 b5 15.
Ncd2 Bb7 16. b4 Rac8 17. Qb2 Nb6 18. Nb3 Na4 19. Qb1 Nc3 20. Qe1 Nb8 21. Nc5 Nd5
22. e3 Ba8 23. Nd4 a6 24. Rc1 Qa7 25. h4 Nc6 26. Nxc6 Bxc6 27. h5 h6 28. Qe2 Nb6
29. Bxc6 Rxc6 30. Qf3 Rdc8 31. Rcd1 a5 32. Qg4 axb4 33. axb4 Nd5 34. Nd3 Rc2 35.
Ne5 Nxe3 36. Qf4 Nxd1 37. Rxd1 Qc7 38. Rd7 Rc1+ 39. Kh2 f6 40. Rxc7 R8xc7 41.
Ng4 R1c4 42. Qf3 e5 43. Qd5+ Kh7 44. Ne3 Rxb4 45. Qd6 Rcc4 46. Nxc4 Rxc4 47. Kg2
b4 48. Qd3+ Kh8 49. Qxc4 b3 50. Qxb3 e4 51. Qe3 f5 52. g4 g6 53. hxg6 Kg7 54.
gxf5 Kf6 55. Qxe4 h5 56. f4 h4 57. Kh3 Kg7 58. Qe7+ Kh6 59. f6 Kh5 60. f7 Kxg6
61. f8=Q Kh5 62. Qef7# 1-0

[Event "Titled Tue 26th Aug Late"]
[Site "chess.com INT"]
[Date "2025.08.26"]
[Round "6"]
[White "Alazmi, Amani"]
[Black "Buchenau, Frank"]
[Result "0-1"]
[WhiteTitle "WCM"]
[BlackTitle "FM"]
[WhiteElo "1745"]
[BlackElo "2205"]
[WhiteFideId "10303553"]
[BlackFideId "4604350"]
[EventDate "2025.08.26"]

1. c4 e5 2. g3 Nf6 3. Bg2 c6 4. d4 Bb4+ 5. Nc3 Qa5 6. Qd3 exd4 7. Qxd4 O-O 8.
Nf3 d5 9. cxd5 cxd5 10. O-O Nc6 11. Qh4 Bxc3 12. bxc3 Qxc3 13. Bg5 Ne4 14. Rac1
Qb2 15. Bf4 Qxe2 16. Qh5 Be6 17. Rce1 Qxa2 18. Rxe4 dxe4 19. Ng5 h6 20. Bxe4 Nd4
21. Nh7 Ne2+ 22. Kh1 Nxf4 23. gxf4 Rfd8 24. Rg1 Kh8 25. Rxg7 Kxg7 26. Qe5+ Kg8
27. Nf6+ Kf8 28. Nh7+ Ke8 29. Nf6+ Ke7 30. Bf3 Qxf2 31. Qc5+ Kxf6 32. Qxf2 Rd3
33. Qh4+ Kg7 34. Be4 Rd2 35. Qg3+ Kf8 36. Qa3+ Kg8 37. Qg3+ Kf8 38. Qb3 Rc8 39.
Qa3+ Kg8 40. Qg3+ Kh8 41. h3 Rc1+ 42. Qg1 Rxg1+ 43. Kxg1 a5 44. Bb1 a4 45. f5
Rd1+ 46. Kf2 Rxb1 47. fxe6 fxe6 48. h4 a3 49. h5 a2 50. Ke3 a1=Q 51. Kf4 Qd4+
52. Kf3 Rb3+ 53. Ke2 Qb2+ 0-1

[Event "Titled Tue 26th Aug Late"]
[Site "chess.com INT"]
[Date "2025.08.26"]
[Round "6"]
[White "Dyachuk, Artem"]
[Black "Sarana, Alexey"]
[Result "0-1"]
[WhiteTitle "FM"]
[BlackTitle "GM"]
[WhiteElo "2298"]
[BlackElo "2691"]
[WhiteFideId "34107924"]
[BlackFideId "24133795"]
[EventDate "2025.08.26"]

1. e4 c5 2. Nf3 d6 3. d4 cxd4 4. Nxd4 Nf6 5. Nc3 a6 6. g3 e5 7. Nb3 Be7 8. Bg2
O-O 9. O-O b5 10. a4 b4 11. Nd5 Nxd5 12. Qxd5 Ra7 13. Be3 Be6 14. Qd3 Ra8 15. f4
f6 16. fxe5 dxe5 17. Nc5 Qxd3 18. cxd3 Bf7 19. Rac1 Rd8 20. Rfd1 Nc6 21. Nb7
Rdb8 22. Rxc6 Rxb7 23. a5 Be8 24. Rb6 Rc7 25. d4 Rc2 26. d5 Rxb2 27. d6 Bd8 28.
d7 Bh5 29. Rc6 Bxd1 30. Rc8 Kf7 31. Rxa8 Bxa5 32. d8=Q Bxd8 33. Rxd8 Rb1 34.
Rd7+ Kg6 35. Kf2 Rb2+ 36. Bd2 Bg4 37. Rd6 a5 38. h3 Bc8 39. Rd8 Be6 40. Rd6 a4
41. Ke3 Kf7 42. Ra6 a3 43. Ra7+ Kg6 44. Bf3 a2 45. g4 Rb3+ 46. Kf2 Rb1 47. Bxb4
Rxb4 48. h4 Rb1 49. h5+ Kh6 50. g5+ fxg5 51. Ra6 a1=Q 52. Rxe6+ g6 53. hxg6 Qd4+
54. Kg2 Qg1+ 55. Kh3 g4+ 56. Kh4 Qh2+ 0-1

[Event "Titled Tue 26th Aug Late"]
[Site "chess.com INT"]
[Date "2025.08.26"]
[Round "6"]
[White "Munoz, Francisco Javier"]
[Black "Foldes, Marton Gabor"]
[Result "1-0"]
[WhiteTitle "FM"]
[BlackTitle "FM"]
[WhiteElo "2389"]
[BlackElo "2293"]
[WhiteFideId "128368"]
[BlackFideId "794708"]
[EventDate "2025.08.26"]

1. e4 Nf6 2. Nc3 d5 3. exd5 Nxd5 4. Nf3 e6 5. g3 Nxc3 6. bxc3 b6 7. Bg2 Bb7 8.
O-O Be7 9. Rb1 O-O 10. d4 Bd5 11. Ne5 Bxg2 12. Kxg2 Bd6 13. Qf3 Nd7 14. Nc6 Qf6
15. Qe4 e5 16. h4 Rfe8 17. Bg5 Qg6 18. Qxg6 hxg6 19. Rfe1 f6 20. Be3 Kf7 21. d5
Bc5 22. c4 Bxe3 23. Rxe3 Rh8 24. Rd1 Nc5 25. d6 cxd6 26. Rxd6 Rhc8 27. Re2 Rc7
28. Red2 Rac8 29. Nb4 Ke8 30. Nd5 Rd7 31. Rxd7 Nxd7 32. Ne3 Nc5 33. f4 e4 34. g4
Ke7 35. Kg3 Ke6 36. f5+ gxf5 37. gxf5+ Ke7 38. Kf4 Rh8 39. Rh2 Rd8 40. Nd5+ Kf7
41. h5 Rh8 42. Nc3 Nd7 43. Nxe4 Ne5 44. c5 bxc5 45. c3 c4 46. Nc5 Rc8 47. Ne6
Rb8 48. Ke4 Rb1 49. h6 Re1+ 50. Kd5 Rd1+ 51. Kc5 gxh6 52. Rxh6 Rf1 53. Rh5 Nd3+
54. Kxc4 Ne5+ 55. Kc5 Rc1 56. Rh3 Nd7+ 57. Kd6 Ne5 58. Rh7+ Ke8 59. Re7# 1-0

[Event "Titled Tue 26th Aug Late"]
[Site "chess.com INT"]
[Date "2025.08.26"]
[Round "6"]
[White "Rogov, Matfey"]
[Black "Zakarian, David"]
[Result "1-0"]
[WhiteTitle "FM"]
[BlackTitle "FM"]
[WhiteElo "2348"]
[BlackElo "2301"]
[WhiteFideId "44191308"]
[BlackFideId "13301276"]
[EventDate "2025.08.26"]

1. Nf3 b5 2. e3 a6 3. a4 b4 4. a5 Bb7 5. c3 e6 6. cxb4 Bxb4 7. Qb3 c5 8. Na3 Nc6
9. Nc4 d5 10. Nce5 Qf6 11. Nxc6 Bxc6 12. Be2 Ne7 13. O-O O-O 14. d4 Rfb8 15.
dxc5 Bxc5 16. Qc2 Bd6 17. Nd4 Bb7 18. Bd2 Rc8 19. Qb3 Rab8 20. f4 Nf5 21. Nxf5
Qxf5 22. Qd3 d4 23. Qxf5 exf5 24. exd4 Rc2 25. Rfd1 Rxb2 26. Bd3 Be4 27. Bxa6
Ra8 28. Bf1 g5 29. fxg5 Bd5 30. a6 Bb3 31. Bc3 Rc2 32. Rdc1 Bf4 33. Rxc2 Bxc2
34. g3 Bxg5 35. Bg2 Be4 36. a7 Bd8 37. Bb4 Bb6 38. Bc5 Bxc5 39. dxc5 Kf8 40.
Bxe4 fxe4 41. Ra4 f5 42. Kf2 Ke7 43. Ra6 Kd7 44. Ke3 Kc7 45. Rh6 Kb7 46. Rxh7+
Kc6 47. Rf7 Kd5 48. Rxf5+ Ke6 49. Rf4 Rxa7 50. Rxe4+ Kd5 51. Rd4+ Kxc5 52. Rd2
Ra3+ 53. Kf4 Ra4+ 54. Kg5 Ra1 55. g4 Rg1 56. h4 Kc4 57. h5 Kc3 58. Rd6 1-0

[Event "Titled Tue 26th Aug Late"]
[Site "chess.com INT"]
[Date "2025.08.26"]
[Round "6"]
[White "Shafer, Logan C"]
[Black "Mesquita, Eduardo Barbosa"]
[Result "1-0"]
[WhiteTitle "CM"]
[WhiteElo "2234"]
[BlackElo "2060"]
[WhiteFideId "30993342"]
[BlackFideId "22757163"]
[EventDate "2025.08.26"]

1. e4 c5 2. Nc3 a6 3. g3 Nc6 4. Bg2 b5 5. d3 Bb7 6. Nge2 g6 7. O-O Bg7 8. Be3
Nd4 9. f4 e6 10. Rb1 Ne7 11. Qd2 Rc8 12. Nd1 O-O 13. c3 Ndc6 14. h4 d6 15. g4 f5
16. Nf2 Kh8 17. Ng3 d5 18. Bxc5 dxe4 19. Rbd1 Nb8 20. Bxe7 Qxe7 21. dxe4 fxe4
22. Nfxe4 Qxh4 23. Qe2 Rcd8 24. Rxd8 Rxd8 25. Rd1 Qe7 26. Ng5 Rxd1+ 27. Qxd1
Bxg2 28. Kxg2 h6 29. Qd8+ Qxd8 30. Nf7+ Kg8 31. Nxd8 b4 32. cxb4 Bxb2 33. Nxe6
Nc6 34. Ne4 Nxb4 35. a4 Nc6 36. N4c5 a5 37. Kf3 Kf7 38. Nc7 h5 39. gxh5 gxh5 40.
Nd5 Nd4+ 41. Ke4 h4 42. Ne3 h3 43. Ng4 Ne2 44. Nd3 Bd4 45. Kf3 Nc3 46. Nb2 Bg1
47. Kg3 h2 48. Nxh2 Bxh2+ 49. Kxh2 Nd5 50. Kg3 Ke6 51. Kf3 Kf5 52. Nd3 Nc3 53.
Nc5 Nd5 54. Nb3 Nxf4 55. Nxa5 Nd5 56. Nb3 1-0

[Event "Titled Tue 26th Aug Late"]
[Site "chess.com INT"]
[Date "2025.08.26"]
[Round "6"]
[White "Bogaudinov, Rushan"]
[Black "Herbrig, Alexander"]
[Result "0-1"]
[WhiteTitle "FM"]
[BlackTitle "FM"]
[WhiteElo "1912"]
[BlackElo "2292"]
[WhiteFideId "4129288"]
[BlackFideId "12952044"]
[EventDate "2025.08.26"]

1. d4 d5 2. g3 Nf6 3. Bg2 Bg4 4. Nf3 Nbd7 5. O-O e6 6. b3 c6 7. Bb2 Bd6 8. Nbd2
h5 9. h3 Bf5 10. Ne5 h4 11. g4 Bh7 12. f4 Ne4 13. Nxe4 Bxe4 14. Bxe4 dxe4 15. e3
Qc7 16. c4 c5 17. Nxd7 Qxd7 18. dxc5 Bxc5 19. Qxd7+ Kxd7 20. Rfd1+ Kc6 21. Kf2
Rhg8 22. g5 f6 23. Rg1 Rad8 24. Ke2 Rd3 25. Bc1 f5 26. Rb1 Rgd8 27. b4 Bb6 28.
c5 Bc7 29. Rb3 e5 30. fxe5 Bxe5 31. Rxd3 exd3+ 32. Kd1 Kd5 33. g6 Ke4 34. Kd2 a5
35. Ba3 axb4 36. Bxb4 Bg3 37. Rf1 f4 38. exf4 Bxf4+ 39. Kc3 d2 40. Rd1 Ke3 41.
Kc2 Ke2 42. a4 Rd4 43. Ba5 Rxa4 44. Bxd2 Ra2+ 45. Kb3 Rxd2 46. Rg1 Bg3 47. Kc4
Rc2+ 48. Kd5 Rxc5+ 49. Kxc5 Bf2+ 50. Kd5 Bxg1 51. Ke6 Bd4 52. Kf5 Bf6 53. Ke4 b5
54. Kd5 Kf3 55. Kc5 Kg3 56. Kxb5 Kxh3 57. Kc4 Kg2 58. Kd3 h3 59. Ke4 h2 60. Kf5
h1=Q 61. Kg4 Qh4+ 62. Kf5 Qg5+ 63. Ke6 Qe5+ 64. Kf7 Qe7+ 65. Kg8 Kg3 66. Kh7 Kg4
67. Kh8 Kh5 68. Kh7 Kg5 69. Kg8 Kxg6 0-1

[Event "Titled Tue 26th Aug Late"]
[Site "chess.com INT"]
[Date "2025.08.26"]
[Round "6"]
[White "Hofstadler, Mario"]
[Black "Miserendino, Alfredo"]
[Result "1-0"]
[WhiteTitle "CM"]
[WhiteElo "2145"]
[BlackElo "2032"]
[WhiteFideId "1660497"]
[BlackFideId "101800"]
[EventDate "2025.08.26"]

1. e4 c5 2. Nf3 e6 3. b4 b6 4. Bb2 Nf6 5. e5 Nd5 6. a3 cxb4 7. axb4 Bxb4 8. c4
Nc7 9. Nc3 Bxc3 10. Bxc3 O-O 11. Bd3 h6 12. h4 Bb7 13. Bb1 d5 14. exd6 Qxd6 15.
Qc2 f5 16. Be5 Qd7 17. Rh3 Nc6 18. Bb2 e5 19. Kf1 Nd4 20. Nxd4 exd4 21. Qa4 Bc6
22. Qd1 Ne6 23. Rg3 f4 24. Rg6 Rf6 25. Qg4 Rxg6 26. Qxg6 Nf8 27. Qd3 a5 28. Qxd4
Qxd4 29. Bxd4 Rb8 30. Bf5 f3 31. gxf3 Bxf3 32. Be3 Bc6 33. Rb1 Be8 34. Rxb6 Rxb6
35. Bxb6 a4 36. Bc2 a3 37. Bb3 Ba4 38. Bxa4 a2 39. Bd4 Nd7 40. Ba1 Kf7 41. Bd1
Ke6 42. Ke2 Kd6 43. d4 Kc6 44. Kd3 Nf6 45. Bf3+ Kd6 46. Kc2 Nd7 47. c5+ Ke6 48.
Kb3 Nf6 49. Kxa2 g5 50. hxg5 hxg5 51. d5+ Ke7 52. Bxf6+ Kxf6 53. Bg2 Ke5 54. c6
Kd6 55. Kb1 g4 56. f3 g3 57. f4 Kc5 58. Kc1 Kd4 59. Kd1 Ke3 60. c7 Kf2 61. Be4
Ke3 62. Ke1 Kxe4 63. Kf1 Kxf4 64. d6 Ke5 65. d7 1-0

[Event "Titled Tue 26th Aug Late"]
[Site "chess.com INT"]
[Date "2025.08.26"]
[Round "6"]
[White "Nicot, Valentin"]
[Black "Shandrygin, Nikita"]
[Result "0-1"]
[WhiteTitle "CM"]
[BlackTitle "FM"]
[WhiteElo "2140"]
[BlackElo "2209"]
[WhiteFideId "651002477"]
[BlackFideId "24198668"]
[EventDate "2025.08.26"]

1. d4 d5 2. Nf3 Nc6 3. g3 Bf5 4. Bg2 e6 5. O-O Nb4 6. Na3 Nf6 7. c3 Na6 8. Ne5
c6 9. Nc2 Be7 10. Ne3 Be4 11. f3 Bg6 12. Qa4 O-O 13. Nxg6 hxg6 14. Qd1 c5 15.
Nc2 Rc8 16. e4 cxd4 17. cxd4 Qb6 18. Kh1 Rfd8 19. e5 Nd7 20. f4 Nb4 21. Nxb4
Qxb4 22. Qd3 Rc4 23. Be3 Qxb2 24. Rab1 Qc3 25. Qxc3 Rxc3 26. Bg1 b6 27. g4 Rc2
28. a4 Ra2 29. Ra1 Rxa1 30. Rxa1 Rc8 31. f5 Bg5 32. fxe6 fxe6 33. Bf1 Rc1 34.
Rxc1 Bxc1 35. Bb5 Nb8 36. Be8 g5 37. Kg2 Kf8 38. Bb5 a6 39. Bd3 Ke7 40. Kf3 Kd7
41. Bf2 Kc6 42. h4 b5 43. axb5+ axb5 44. hxg5 Bxg5 45. Be1 Be7 46. Bd2 Kb6 47.
g5 Nc6 48. Be3 b4 49. g6 b3 50. Ke2 Ka5 51. Kd2 Kb4 52. Bb1 Na5 53. Kc1 Nc4 54.
Bh6 Bf8 55. Bf4 Kc3 56. Bg5 Kxd4 57. Bf4 Nxe5 58. Kb2 Nd3+ 59. Bxd3 Kxd3 60.
Kxb3 Ke4 61. Bd2 Kf5 62. Kc2 Kxg6 63. Kd3 Kf5 64. Ke3 e5 65. Ba5 Bc5+ 66. Kd3
e4+ 67. Ke2 d4 68. Bc7 d3+ 69. Kd2 g5 70. Bg3 g4 71. Bc7 Bd4 72. Bg3 Be5 73. Bh4
Bf4+ 74. Kd1 e3 75. Bd8 Ke4 0-1

[Event "Titled Tue 26th Aug Late"]
[Site "chess.com INT"]
[Date "2025.08.26"]
[Round "6"]
[White "Erdogan, Anil Berk"]
[Black "Pereyra, Horacio"]
[Result "1-0"]
[WhiteTitle "CM"]
[WhiteElo "2091"]
[BlackElo "2133"]
[WhiteFideId "6348173"]
[BlackFideId "113700"]
[EventDate "2025.08.26"]

1. e4 c6 2. d4 d5 3. exd5 cxd5 4. c4 Nf6 5. Nc3 g6 6. Qb3 Bg7 7. cxd5 Nbd7 8.
Be2 Nb6 9. Bf3 O-O 10. a4 a5 11. Nge2 e6 12. d6 Qxd6 13. Bf4 Qd8 14. O-O Nbd5
15. Bg5 Nb4 16. Rad1 h6 17. Bxf6 Bxf6 18. d5 exd5 19. Nxd5 Be6 20. Nef4 Bxd5 21.
Nxd5 Nxd5 22. Bxd5 Qc7 23. Rd3 Rab8 24. g3 Kg7 25. Rfd1 b6 26. Qb5 Rbd8 27. b3
Rd6 28. Bc4 Rfd8 29. Rd5 Rxd5 30. Rxd5 Rxd5 31. Qxd5 h5 32. h4 Bd8 33. Kg2 Bf6
34. f3 Bd8 35. Kh3 Bf6 36. f4 Qc8+ 37. Kg2 Qc7 38. f5 Qe7 39. fxg6 fxg6 40. Qg8+
Kh6 41. Bd3 Bg7 42. Qd5 Qf6 43. Qe4 Kh7 44. Qd5 Kh6 45. Qb5 Kh7 46. Qxh5+ Bh6
47. Qd5 Qb2+ 48. Kh3 Qf6 49. Qe4 Kg7 50. Qg4 Qd6 51. Qe4 Bc1 52. h5 gxh5 53.
Qh7+ Kf8 54. Qh8+ Ke7 55. Qg7+ Kd8 56. Bf5 Qe7 57. Qg8+ Qe8 58. Qd5+ Ke7 59.
Qe4+ Kf6 60. Qxe8 Kxf5 61. Qxh5+ Bg5 62. Qd1 Kf6 63. Qb1 Ke6 64. Qd3 Bf6 65. Qb5
Be5 66. Kg4 Bd4 67. Kf3 Bc5 68. Ke4 Kd6 69. g4 Bf2 70. g5 Bh4 71. g6 Bf6 72.
Qd5+ Ke7 73. Qf7+ Kd6 74. Qxf6+ 1-0

[Event "Titled Tue 26th Aug Late"]
[Site "chess.com INT"]
[Date "2025.08.26"]
[Round "6"]
[White "Leitgeb, Julian"]
[Black "Kleimenov, Nikolay"]
[Result "0-1"]
[WhiteTitle "FM"]
[BlackTitle "CM"]
[WhiteElo "2311"]
[BlackElo "2244"]
[WhiteFideId "1663771"]
[BlackFideId "34414223"]
[EventDate "2025.08.26"]

1. Nf3 Nf6 2. g3 g6 3. Bg2 Bg7 4. O-O O-O 5. c4 d6 6. d4 Nc6 7. Nc3 e5 8. dxe5
dxe5 9. Bg5 Be6 10. Qc1 Qe8 11. b3 Rd8 12. Bh6 Bxh6 13. Qxh6 Ng4 14. Qc1 Nd4 15.
Nxd4 exd4 16. Nb5 c6 17. Nc7 Qe7 18. Nxe6 Qxe6 19. Qd2 Rfe8 20. h3 Nf6 21. Rfe1
Ne4 22. Qc2 Nc5 23. Qd2 f5 24. Rad1 Ne4 25. Qb4 Rd7 26. c5 Qe5 27. Bxe4 fxe4 28.
e3 dxe3 29. Rxd7 exf2+ 30. Kxf2 Qf5+ 31. Kg2 Qxd7 32. Qc4+ Qe6 33. Re3 Qxc4 34.
bxc4 Kg7 35. Rb3 Re7 36. Kf2 Kf6 37. Ke3 Ke5 38. Rb1 Rf7 39. a4 Rf3+ 40. Ke2
Rxg3 41. Rxb7 Rxh3 42. Rxa7 Kd4 43. Re7 Rh2+ 44. Kd1 Kd3 45. Rd7+ Kxc4 46. a5
Kxc5 47. a6 Ra2 48. a7 Kb6 49. Rxh7 Rxa7 50. Rh6 Rg7 51. Rh4 Re7 52. Rg4 Re6 53.
Ke2 Kc5 54. Ke3 Kd5 55. Rg5+ Kd6 56. Rg1 Ke5 57. Rg5+ Kf6 58. Rg4 Kf5 59. Rf4+
Kg5 60. Rf1 c5 61. Rg1+ Kf6 62. Rc1 Re5 63. Rf1+ Rf5 64. Rd1 Ke5 65. Rc1 Rf3+
66. Ke2 Kd4 67. Rd1+ Rd3 68. Rg1 Ra3 69. Rxg6 Ra2+ 70. Ke1 Kd3 71. Rd6+ Ke3 72.
Kd1 c4 0-1

[Event "Titled Tue 26th Aug Late"]
[Site "chess.com INT"]
[Date "2025.08.26"]
[Round "6"]
[White "Alvarado, Carlos"]
[Black "Ferreira, Vitor Hugo Vieira"]
[Result "1/2-1/2"]
[WhiteTitle "CM"]
[WhiteElo "2032"]
[BlackElo "2128"]
[WhiteFideId "3800555"]
[BlackFideId "2119765"]
[EventDate "2025.08.26"]

1. Nf3 Nf6 2. e3 g6 3. b3 Bg7 4. Bb2 O-O 5. c4 c5 6. d4 cxd4 7. Nxd4 d5 8. Nf3
Nc6 9. Nbd2 b6 10. cxd5 Qxd5 11. Rc1 Bb7 12. Bc4 Qa5 13. a3 Rfd8 14. b4 Qh5 15.
Qb3 Nd5 16. Bxg7 Kxg7 17. Qb2+ Nf6 18. O-O Rac8 19. Ne4 Nb8 20. Ng3 Qg4 21. Be2
Qd7 22. Rxc8 Rxc8 23. Rd1 Qc7 24. Nd4 Qc3 25. Qxc3 Rxc3 26. Nb5 Rb3 27. Bc4 Rb2
28. Nxa7 Ng4 29. Be2 Ne5 30. f4 Ned7 31. Rc1 Rb3 32. Rc7 Bd5 33. Bb5 Rb1+ 34.
Nf1 Nf6 35. Rxe7 Rb2 36. Ng3 Rxg2+ 37. Kf1 Ng4 38. e4 Ne3+ 39. Ke1 Bc4 40. Bxc4
Nxc4 41. Nc8 Nc6 42. Rc7 Rxh2 43. Rxc6 Nxa3 44. Rc7 h5 45. Nd6 h4 46. Nf1 Rb2
47. Rxf7+ Kg8 48. Rf6 h3 49. Rxg6+ Kh7 50. Rg4 Rg2 51. Rh4+ Kg6 52. Rxh3 Nc2+
53. Kd1 Nxb4 54. Rg3+ Rxg3 55. Nxg3 Kf6 56. Nb5 Ke6 57. Nd4+ Kd6 58. Kd2 Na6 59.
Nb3 Kc6 60. Nf5 Kb5 61. Kc3 Nc7 62. Nfd4+ Ka4 63. f5 b5 64. Ne6 b4+ 65. Kb2 Nb5
66. Nbd4 Nd6 67. e5 Nc4+ 68. Kb1 Nxe5 69. f6 Nd7 70. f7 Ka3 71. Nc5 Nf8 72. Nde6
Ng6 73. Nd3 b3 74. Nd4 Ka4 75. Kb2 Ka5 76. Nxb3+ Kb6 77. Kc3 Kc6 78. Nd4+ Kd6
79. Nf4 Nf8 80. Nde6 Ke7 81. Nxf8 Kxf7 1/2-1/2